000 00506nam a2200217Ia 4500
003 0100
008 130303s9999 xx 000 0 und d
020 _a801496853
040 _cARRUPELIB
050 _aJC578.R383P64 1989
100 _aPogge, Thomas W
245 _aRealizing Rawls
260 _aIthaca
260 _bCornell University Press
260 _C1989
300 _axii
300 _b 296 p. 24 cm
650 _bSelf-Knowledge, Theory of
700 _aThomas W. Pogge
942 0 0 _02
999 _c11453
_d11453